000 00564cam2a220016900 4500
001 tmp15754365
003 UPRA
005 20190809113324.0
020 _a9290552921
008 951020s1991 xx eng u
035 _a(Sirsi) r41941
050 _aSF 967.T78 Bov 1991
245 0 0 _aBovine genome mapping and trypanotolernace/
_cedited by Teale, A. J.
260 _aNairobi:
_bThe International Laboratory for Research on Animal Diseases,
_c1991.
300 _a72p.
500 _aProceedings of a workshop held at ILRAD, Nairobi, Kenya. 9 -11 April, 1991.
999 _c1365
_d1365